| 000 | 00527nam a22001697a 4500 | ||
|---|---|---|---|
| 003 | PILC | ||
| 005 | 20150112093436.0 | ||
| 008 | 130223t xxu||||| |||| 00| 0 eng d | ||
| 020 | _a0130156841 | ||
| 050 |
_aHF 5415.13 _b.K67 2000 |
||
| 082 |
_aMkSF 658.8 _bK84 2000 |
||
| 100 |
_dKotler, Philip _912863 |
||
| 245 |
_aMarketing Management : _cPhilip Kotler. _bThe Millenium Edition / |
||
| 260 |
_aLondon : _bPrentice Hall International, _c2000. |
||
| 300 |
_a131 pages : _bcolored illustration ; _c26 cm. |
||
| 942 |
_2lcc _cBK |
||
| 999 |
_c14584 _d14584 |
||